Loading...
| Literature - American | 1 | 1 | 0 | 0 | 25 | 54 | 65.00 | 1 | 2 | 0.00 | 0.00 |
| Philosophy | 0 | 3 | 1 | 0 | 25 | 80 | 89.00 | 1 | 1 | 0.00 | 0.00 |
| Fine Arts - Auditory | 1 | 1 | 0 | 0 | 25 | 56 | 71.00 | 0 | 2 | 0.00 | 0.00 |
| History - American | 1 | 1 | 0 | 0 | 25 | 62 | 63.00 | 0 | 2 | 0.00 | 0.00 |
| History - European | 1 | 0 | 0 | 0 | 15 | 55 | 55.00 | 0 | 1 | 0.00 | 0.00 |
| Science - Other | 1 | 0 | 0 | 0 | 15 | 71 | 71.00 | 0 | 1 | 0.00 | 0.00 |
| Social Science | 1 | 0 | 1 | 0 | 10 | 69 | 69.00 | 1 | 1 | 0.00 | 0.00 |
| Fine Arts - Other | 0 | 1 | 0 | 0 | 10 | 92 | 92.00 | 0 | 1 | 0.00 | 0.00 |
| Science - Biology | 0 | 1 | 0 | 0 | 10 | 114 | 114.00 | 0 | 1 | 0.00 | 0.00 |
| Science - Physics | 0 | 1 | 0 | 0 | 10 | 86 | 86.00 | 0 | 1 | 0.00 | 0.00 |
| History - Other | 0 | 1 | 1 | 0 | 5 | 100 | 100.00 | 0 | 1 | 0.00 | 0.00 |
| Mythology | 0 | 1 | 1 | 0 | 5 | 100 | 100.00 | 0 | 1 | 0.00 | 0.00 |
| Fine Arts - Visual | 0 | 0 | 1 | 0 | -5 | 0.00 | 0 | 0 | 0.00 | 0.00 | |
| Pop Culture | 0 | 0 | 1 | 0 | -5 | 0.00 | 0 | 0 | 0.00 | 0.00 |